О разработке мощных и весьма сближенных пластов в Кемеровском и Анжеро-Судженском районах; Кузнецкий бассейн

Bibliografiske detaljer
Parent link:Кузнецкий бассейн.— 1924.— С. 225-284
Hovedforfatter: Гриндлер Б.
Sprog:russisk
Udgivet: 1924
Fag:
Format: Book Chapter
KOHA link:https://koha.lib.tpu.ru/cgi-bin/koha/opac-detail.pl?biblionumber=591943

MARC

LEADER 00000naa2a2200000 4500
001 591943
005 20231101131703.0
035 |a (RuTPU)RU\TPU\tpu\3022 
035 |a TPU00003022 
090 |a 591943 
100 |a 20011210d1924 k y0rusy50 ca 
101 0 |a rus 
102 |a RU 
200 1 |a О разработке мощных и весьма сближенных пластов в Кемеровском и Анжеро-Судженском районах  |f Б. Гриндлер 
463 0 |0 (RuTPU)RU\TPU\book\203678  |t Кузнецкий бассейн  |o сборник статей  |f отв. ред. С. В. Обручев  |v С. 225-284  |d 1924  |p 284 с.  |s Библиотека "Горного Журнала" 
610 1 |a геолого-географические науки 
700 1 |a Гриндлер  |b Б. 
801 0 |a RU  |b 63413507  |c 20011210  |g PSBO 
801 2 |a RU  |b 63413507  |c 20110128  |g PSBO 
942 |c BK